| 000 | 00664nam a2200193 a 4500 | ||
|---|---|---|---|
| 005 | 20210223125531.0 | ||
| 008 | 041110s2001 mx r 000 0 spa d | ||
| 020 | _a9706800964 | ||
| 035 | _aUPN01000136305 | ||
| 049 | _aCG | ||
| 050 | 4 |
_aPQ9261 P4.17 _bO3.2 |
|
| 100 | 1 |
_aPessoa, Fernando, _d1888-1935 _930063 |
|
| 245 | 1 | 0 |
_aOdas completas de Ricardo Reis / _cFernando Pessoa ; tr. y presentación de Miguel Angel Flores. |
| 260 |
_aMéxico : _bVerdehalago : _bUniversidad Autónoma de Puebla : _bInstituto Cultural de Aguascalientes, _cc2001. |
||
| 300 | _a257 p. | ||
| 440 | 0 |
_aObras completas ; _v2 |
|
| 650 | 4 |
_aLITERATURA PORTUGUESA _95579 |
|
| 905 | _aLibro | ||
| 999 |
_c108456 _d108456 |
||